Богове, гробници и учени (Запис номер 97798)
[ съкратено ]
| 000 -Лидер | |
|---|---|
| Контролно поле с фиксирана дължина | nam a22 a 4500 |
| 003 - Код на организацията, давaща контролен номер | |
| Контролно поле | BLK |
| 005 - Дата и час на последна редакция | |
| Контролно поле | 20221108112918.0 |
| 008 - Елементи от данни с фиксирана дължина | |
| fixed length control field | 180409b bul|||||r ||||||| ||bul|| |
| 010 ## - Наследен системен номер | |
| LC control number | KNG00102713000 |
| 040 ## - Източник на каталожния запис | |
| Идентификатор на билиотеката - собственик на записа | BLK |
| 041 ## - Код за език | |
| Код за езика на текст/звукозапис или на отделно заглавие | Български |
| Код за езика КДБФ | Български |
| 080 ## - УДК | |
| Текстов определител УДК | Археология. Праисторически паметници - вж 903 |
| УДК код - определител по УДК | 902 |
| УДК - код + определител | 902 |
| 080 ## - УДК | |
| Текстов определител УДК | История на цивилизацията. История на културата |
| УДК код - определител по УДК | 930.85 |
| УДК - код + определител | 930.85 |
| 080 ## - УДК | |
| Текстов определител УДК | Стара и антична история (общо) |
| УДК код - определител по УДК | 931/939 |
| УДК - код + определител | 931/939 |
| 100 1# - Редна дума - Автор | |
| Автор | Керам, Курт В. |
| Авторска отговорност | първи автор |
| R(LIN) | 78269 |
| 139 ## - Редно поле | |
| Редна дума | Керам, Курт В. |
| Авторски знак | Кер - К 52 |
| 245 10 - Сведения за заглавието | |
| Заглавие | Богове, гробници и учени |
| Подзаглавни данни | Роман за археологията |
| Редно поле (дума) | Курт В. Керам; прев. от нем. Христо Ковачевски. |
| 250 ## - Област на изданието | |
| Сведения за изданието | 2. изд. |
| 257 ## - Страна на издаване | |
| Страна на създаване/издаване | Германия |
| 260 ## - Област на издателските данни | |
| Име на издателя, разпространителя и проч. | Бълг. художник |
| Година на издаване | 1978 |
| Място на издаване, разпространение и проч. | София |
| 300 ## - Физическа характеристика | |
| Страници | 527 с. |
| Илюстрации и др. | с ил. |
| Размери/Мащаб | 22 см |
| 380 ## - Жанр | |
| Жанр | История |
| 500 ## - Общи забележки | |
| Забележка | Ориг. загл. Gotter, Graber und Gelehrte. - Ист. име на авт. Курт В. Марек. - 1. изд. 1968. - Библиогр. с. 499-503. - Азб. показалец. |
| 504 ## - Забележка за наличие на библиография и др | |
| Забележка за наличие на библиография и под. | 499-503 |
| 650 #4 - Допълнително описание по предмет – тема | |
| Основно описание – тема или топоним | Археология |
| 9 (RLIN) | 147536 |
| 650 #4 - Допълнително описание по предмет – тема | |
| Основно описание – тема или топоним | Археологически паметници |
| 9 (RLIN) | 243363 |
| 653 ## - Ключова дума – ненормативна | |
| Ключова дума | археологически паметници |
| 653 ## - Ключова дума – ненормативна | |
| Ключова дума | гробници |
| 700 1# - Други автори (авторска отговорност) | |
| Лично име | Ковачевски, Христо |
| Автороска отговорност (Описва отношението между автора и произведението) | прев. от нем. |
| 9 (RLIN) | 369397 |
| 852 ## - Местоположение | |
| Форматна сигнатура | Цб 91203 |
| Фондова буква | Хранилище |
| 856 4# - Електронен адрес и достъп | |
| Електронен формат | pdf - файл |
| Инструкция (цена за достъп) | 0.00 |
| Права за достъп | disable |
| 856 4# - Електронен адрес и достъп | |
| Електронен формат | pdf - файл |
| Инструкция (цена за достъп) | 0.00 |
| Права за достъп | disable |
| 999 ## - СИСТЕМНИ КОНТРОЛНИ НОМЕРА | |
| Koha biblionumber | 97798 |
| Koha biblioitemnumber | 97798 |
| 942 ## - АРТИКУЛИ | |
| Вид на библиотечния материал | Книги |
| Скрит в OPAC | Не |
| Периодичен библиозапис | Да |
| 944 ## - СЪЗДАВАНЕ И РЕДАКЦИЯ на ЗАПИСА | |
| Служител, извършил регистрацията/редакцията | ТД |
| Код за отписване | Код за изгубен артикул | Източник на класификационната схема | Код за повреда | Коз за рестрикции | Код за отдаване | Артикулен № | Име на библиотеката - собственик | Име на библиотеката, в която се намира в момента | Статус (Текущо местоположение) | Дата на вписване в системата | Местоположение - отдел | Цена в лева | Инвентарен номер | Систематично азбучна сигнатура | Баркод | Номер на екземпляра | Цена в евро | Служебна бележка | Служебен тип на артикула |
|---|---|---|---|---|---|---|---|---|---|---|---|---|---|---|---|---|---|---|---|
| Изтеглен | Не е изгубен | Universal Decimal Classification | Не е повреден | без рестрикции | заемане за дома | 157277 | Регионална библиотека "Любен Каравелов" Русе | Регионална библиотека "Любен Каравелов" Русе | Заемна - подръчен фонд | 2002-08-13 | Заемна - подръчен фонд | 10.00 | 120000671322 | П 902/К 52 | 120000671322 | 1 | 5.11 | Дост: Pk Вид: Ф N: 1 Дата: 01.08.2002 | Книги |
| Не е изгубен | Universal Decimal Classification | Не е повреден | само за читалня | ползва се в читалня | 157278 | Регионална библиотека "Любен Каравелов" Русе | Регионална библиотека "Любен Каравелов" Русе | Хранилище | 1978-01-01 | Хранилище | 4.19 | 253985 | Цб 91203 | 120000253985 | 2 | 2.14 | Дост: Dp Вид: Д N: стар фонд Дата: 01.01.1978 | Книги | |
| Изтеглен | Не е изгубен | Universal Decimal Classification | Не е повреден | без рестрикции | заемане за дома | 157279 | Регионална библиотека "Любен Каравелов" Русе | Регионална библиотека "Любен Каравелов" Русе | Заемна - подръчен фонд | 1978-01-01 | Заемна - подръчен фонд | 4.19 | 256177 | П 902/К 52 | 256177 | 3 | 2.14 | Дост: Pk Вид: Ф N: стар фонд Дата: 01.01.1978 | Книги |
| Изтеглен | Не е изгубен | Universal Decimal Classification | Не е повреден | без рестрикции | заемане за дома | 157280 | Регионална библиотека "Любен Каравелов" Русе | Регионална библиотека "Любен Каравелов" Русе | Заемна - подръчен фонд | 1978-01-01 | Заемна - подръчен фонд | 4.19 | 256180 | П 902/К 52 | 256180 | 4 | 2.14 | Дост: Pk Вид: Ф N: стар фонд Дата: 01.01.1978 | Книги |
| Изтеглен | Не е изгубен | Universal Decimal Classification | Не е повреден | без рестрикции | заемане за дома | 157281 | Регионална библиотека "Любен Каравелов" Русе | Регионална библиотека "Любен Каравелов" Русе | Заемна - подръчен фонд | 1978-01-01 | Заемна - подръчен фонд | 4.19 | 256181 | П 902/К 52 | 256181 | 5 | 2.14 | Дост: Pk Вид: Ф N: стар фонд Дата: 01.01.1978 | Книги |
| Не е изгубен | Universal Decimal Classification | Не е повреден | без рестрикции | заемане за дома | 157282 | Регионална библиотека "Любен Каравелов" Русе | Регионална библиотека "Любен Каравелов" Русе | Заемна - подръчен фонд | 1978-01-01 | Заемна - подръчен фонд | 0.00 | 648999 | 902/К 52 | 120000648999 | 6 | 0.00 | Дост: Pk Вид: Ф N: стар фонд Дата: 01.01.1978 Дата инв: 07.02.2018 Бележки инв: П2018 | Книги |